Termosenzitívne hydrogély na báze 2 - oxazolínov bakalárska práca

Enregistré dans:
Détails bibliographiques
Auteur principal: Mártonová, Veronika
Format: Livre
Langue:slovaque
Publié: Bratislava STU FCHPT 2017
Accès en ligne:Voir à l'OPAC
Tags: Ajouter un tag
Pas de tags, Soyez le premier à ajouter un tag!

MARC

LEADER 00000nam a2200000 a 4500
005 20260127134124.0
008 171204 2014 xo 001 0 slo d
035 |a vtls011725312 
039 9 |y 201712041450  |z mschk03 
040 |a STUSCHK1  |b slo  |c STUSCHK1  |e AACR2 
100 1 |a Mártonová, Veronika 
245 1 |a Termosenzitívne hydrogély na báze 2 - oxazolínov  |b bakalárska práca  |c Veronika Mártonová 
260 |a Bratislava  |b STU FCHPT  |c 2017 
300 |a 34 s.  |b il.  |c 25 cm 
500 |a Študijný program: chémia, medicínska chémia a chemické materiály 
500 |a Študijný odbor: chémia, chemické technológie 
500 |a Školiace pracovisko: Oddelenie plastov a kaučuku, Ústav plymérov SAV 
500 |a Obhájené: 07.2017 
500 |a Evid. číslo: FCHPT-13569-40285 
910 |a SCHK95 
999 |c 4600  |d 4600